00259nam a2200097Ia 4500008004100000100002100041245005300062260002200115942000700137999001700144190216s9999||||xx |||||||||||||| ||und|| aWilliam A Prayar 0aMaha Polimarugalude Prakrithavum Resathanthravum bKerala Basha Inst cBK c38286d38286